00585 a2200205 4500022001200000050002100012100002600033245007600059264003800135300002000173500001900193650003500212651001700247700002500264700002100289700002200310700002000332700001300352700001400365 INo ISSN aKTL19.A35SOU1998 aFisher, D. S.eeditor aSouth African law reports:b1998(3) -September /cDavid Fisher, et...al aCape Town:bJuta & Company,c1998 a999p. :1149p. : aIncludes index aLaw reports, . -- South Africa aSouth Africa aBadenhorst Beeditor aHanmer Needitor aPienaar Geeditor aEvans Jeeditor aColler K aBedwell G